Detalles MARC
| 000 -CABECERA |
| campo de control de longitud fija |
01777nam a2200373 i 4500 |
| 001 - NÚMERO DE CONTROL |
| campo de control |
000014121 |
| 003 - IDENTIFICADOR DEL NÚMERO DE CONTROL |
| campo de control |
DO-SdBNP |
| 005 - FECHA Y HORA DE LA ÚLTIMA TRANSACCIÓN |
| campo de control |
20250707101139.0 |
| 007 - CAMPO FIJO DE DESCRIPCIÓN FÍSICA--INFORMACIÓN GENERAL |
| campo de control de longitud fija |
ta |
| 008 - DATOS DE LONGITUD FIJA--INFORMACIÓN GENERAL |
| campo de control de longitud fija |
091204s2009 dr r 000 p spa d |
| 020 ## - NÚMERO INTERNACIONAL ESTÁNDAR DEL LIBRO |
| Número Internacional Estándar del Libro |
9789945427899 |
| 040 ## - FUENTE DE LA CATALOGACIÓN |
| Centro catalogador/agencia de origen |
DO-SdBNP |
| Lengua de catalogación |
spa |
| Centro/agencia transcriptor |
BNPHU |
| Normas de descripción |
rda |
| 041 ## - CÓDIGO DE LENGUA |
| Código de lengua del texto/banda sonora o título independiente |
spa |
| 082 #4 - NÚMERO DE LA CLASIFICACIÓN DECIMAL DEWEY |
| Número de clasificación |
RD861.4408 |
| Número de documento/Ítem |
M274b |
| Número de edición |
22 |
| 100 1# - ENTRADA PRINCIPAL--NOMBRE DE PERSONA |
| Nombre de persona |
Moreno Jimenes, Domingo, |
| Fechas asociadas al nombre |
1894-1986 |
| Término indicativo de función/relación |
autor |
| Código de función/relación |
aut. |
| 9 (RLIN) |
19534 |
| 245 10 - MENCIÓN DE TÍTULO |
| Título |
Benvenuto e addio antología poética bilingüe di Domingo Moreno Jimenes / |
| Mención de responsabilidad, etc. |
[selección], Danilo Manera. |
| 264 #4 - PRODUCCIÓN, PUBLICACIÓN, DISTRIBUCIÓN, FABRICACIÓN Y COPYRIGHT |
| Producción, publicación, distribución, fabricación y copyright |
Santo Domingo, República Dominicana : |
| Nombre del de productor, editor, distribuidor, fabricante |
Editora Nacional, |
| -- |
Secretaría de Estado de Cultura, |
| Fecha de producción, publicación, distribución, fabricación o copyright |
©2009. |
| 300 ## - DESCRIPCIÓN FÍSICA |
| Extensión |
68 páginas ; |
| Dimensiones |
23 cm. |
| 336 ## - TIPO DE CONTENIDO |
| Término de tipo de contenido |
texto |
| Código de tipo de contenido |
txt |
| Fuente |
rdacontent |
| 337 ## - TIPO DE MEDIO |
| Nombre/término del tipo de medio |
sin mediación |
| Código del tipo de medio |
n |
| Fuente |
rdamedia |
| 338 ## - TIPO DE SOPORTE |
| Nombre/término del tipo de soporte |
volumen |
| Código del tipo de soporte |
nc |
| Fuente |
rdacarrier |
| 490 0# - MENCIÓN DE SERIE |
| Mención de serie |
Clásicos dominicanos |
| 500 ## - NOTA GENERAL |
| Nota general |
Incluye datos biográficos del compilador en las solapas |
| 500 ## - NOTA GENERAL |
| Nota general |
Texto en italiano y español |
| 500 ## - NOTA GENERAL |
| Nota general |
Bibliografía: p. 64-68 |
| 505 ## - NOTA DE CONTENIDO CON FORMATO |
| Nota de contenido con formato |
Introduzione, 9.-- Aspiración, 12.-- Melancolía, 14.-- El poema de la hija reintegrada, 16.-- La canción de sus ojos, 32.-- A orillas del soco, 34.-- Paisaje, 36.-- Lumbre, 38.-- Extasis, 40.-- Análisis, 42.-- Embriaguez, 44.-- La musa, 46.-- Psalmo, 48.-- Lasitud, 50.-- Canto-grito, 52.-- Palabras a Dios, 54.-- Palabras sueltas, 56.-- El pasado, 58.-- Bienvenida y adiós, 60.-- Domingo Moreno Jimenes, 61. |
| 590 ## - NOTA LOCAL (RLIN) |
| Nota local |
Inventariado, 2019/MFF |
| 600 10 - PUNTO DE ACCESO ADICIONAL DE MATERIA--NOMBRE DE PERSONA |
| Nombre de persona |
Moreno Jimenes, Domingo, |
| Fechas asociadas al nombre |
1894-1986 |
| 9 (RLIN) |
31949 |
| 650 #7 - PUNTO DE ACCESO ADICIONAL DE MATERIA--TÉRMINO DE MATERIA |
| Término de materia o nombre geográfico como elemento de entrada |
Poesía dominicana |
| Subdivisión de forma |
Colecciones |
| 9 (RLIN) |
7120 |
| Fuente del encabezamiento o término |
LEMB |
| 650 #7 - PUNTO DE ACCESO ADICIONAL DE MATERIA--TÉRMINO DE MATERIA |
| Término de materia o nombre geográfico como elemento de entrada |
Literatura dominicana. |
| 9 (RLIN) |
67 |
| Fuente del encabezamiento o término |
LEMB |
| 700 1# - PUNTO DE ACCESO ADICIONAL--NOMBRE DE PERSONA |
| Nombre de persona |
Manera, Danilo, |
| Fechas asociadas al nombre |
1957- |
| Término indicativo de función/relación |
selección |
| Código de función/relación |
se. |
| 9 (RLIN) |
31950 |
| 910 ## - DATOS DE OPCIÓN DEL USUARIO (OCLC) |
| Datos de opción del usuario |
Validado. Control de calidad MFF |
| 942 ## - ELEMENTOS DE PUNTO DE ACCESO ADICIONAL (KOHA) |
| Fuente del sistema de clasificación o colocación |
Dewey Decimal Classification |
| Tipo de ítem Koha |
Libro |